Sổ tay phòng chống các bệnh từ động vật lây sang người

Enregistré dans:
Détails bibliographiques
Auteur principal: Bùi Quý Huy
Format: Livre
Langue:Undetermined
Publié: Hà Nội Nông Nghiệp 2002
Sujets:
Tags: Ajouter un tag
Pas de tags, Soyez le premier à ajouter un tag!
Thư viện lưu trữ: Trung tâm Học liệu Trường Đại học Cần Thơ
LEADER 00610nam a2200193Ia 4500
001 CTU_65088
008 210402s9999 xx 000 0 und d
020 |b 26500 
082 |a 614.56 
082 |b 523 
100 |a Bùi Quý Huy 
245 0 |a Sổ tay phòng chống các bệnh từ động vật lây sang người 
245 0 |c Bùi Quý Huy 
260 |a Hà Nội 
260 |b Nông Nghiệp 
260 |c 2002 
650 |a animals as carriers of diseases,communicable diseases,zoonoses 
904 |i TUYẾN 
980 |a Trung tâm Học liệu Trường Đại học Cần Thơ